[Event "Mumbai Mayors Cup 1st"]
[Site "Mumbai"]
[Date "2008.05.13"]
[Round "4"]
[White "Velu, Gayatri"]
[Black "Paramasivam, M."]
[Result "0-1"]
[WhiteElo "1874"]
[BlackElo "2131"]
[PlyCount "82"]
[EventDate "2008.05.11"]
[EventType "swiss"]
[EventRounds "11"]
[EventCountry "IND"]
[SourceTitle "CBM 124 Extra"]
[Source "ChessBase"]
[SourceDate "2008.07.03"]
[SourceVersion "1"]
[SourceVersionDate "2008.07.03"]
[SourceQuality "1"]

1. c4 Nf6 2. d4 g6 3. Nc3 Bg7 4. Nf3 d6 5. g3 0-0 6. Bg2 Nbd7 7. 0-0 e5 8. e4 c6 9. h3 exd4 10. Nxd4 Qb6 11. Nb3 Ne5 12. Qxd6 Nxc4 13. Qc5 Qxc5 14. Nxc5 Nd7 15. Nxd7 Bxd7 16. Rd1 Be6 17. Rb1 Rad8 18. Re1 Rd7 19. Na4 b6 20. Bf4 Ne5 21. Bxe5 Bxe5 22. a3 Rfd8 23. Kh2 Bb3 24. Nc3 g5 25. Bf1 Rd2 26. Kg2 Rc2 27. Re2 Rdd2 28. Kf3 Bxc3 29. bxc3 Rxc3+ 30. Kg2 Rxe2 31. Bxe2 Bc2 32. Rb4 c5 33. Rc4 Rxc4 34. Bxc4 Bxe4+ 35. f3 Bf5 36. g4 Be6 37. Bxe6 fxe6 38. Kf2 b5 39. Ke3 Kf7 40. Ke4 a5 41. Kd3 Kf6 0-1